000 00607nam a22002297a 4500
003 UA-OsUOA
001 48430
007 ta
008 20070906b un ||||| |||| 00| 0 ukr d
100 _aКорсунська Б.
090 _a92.09
_bК69
942 _cBK
040 _aUA-OsUOA
_bukr
_cUA-OsUOA
_dUA-OsUOA
245 _aОлексій Кундзіч
300 _a207 с.
955 _a2
041 _aukr
080 _a92.09
260 _aК.
_bРадянський письменник
_c1971
650 7 _a82 Література. Літературознавство
_2UDC
999 _c334535
_d334535